书目信息 |
| 题名: |
现代信息技术知识基础
|
|
| 作者: | 黄顺基 主编 | |
| 分册: | ||
| 出版信息: | 北京 北京邮电大学出版社 2001 |
|
| 页数: | 446页 | |
| 开本: | 20cm | |
| 丛书名: | ||
| 单 册: | ||
| 中图分类: | G203 | |
| 科图分类: | ||
| 主题词: | 信息技术--干部教育--学习参考资料 , CT--S083582--信息技术 | |
| 电子资源: | ||
| ISBN: | 7-5635-0452-4 | |
| 000 | 00930nam0 2200241 45 | |
| 001 | 012001082037 | |
| 005 | 20061101082352.20 | |
| 010 | @a7-5635-0452-4@dCNY28.00 | |
| 100 | @a20011019d2001 em y0chiy0110 ea | |
| 101 | 0 | @achi |
| 102 | @aCN@b110000 | |
| 105 | @ay z 000yy | |
| 200 | 1 | @a现代信息技术知识基础@9xian dai xin xi ji shu zhi shi ji chu@e干部读本@f黄顺基主编 |
| 210 | @a北京@c北京邮电大学出版社@d2001 | |
| 215 | @a446页@d20cm | |
| 300 | @a国家教委人文社会科学研究“九五”博士点重点研究项目《新产业革命与中国改革》课题成果 | |
| 330 | @a本书阐述了信息化的社会特征和时代背景,精要分析了信息经济和信息产业的形态与结构,详尽介绍了信息技术体系中各项技术的发展和趋势,以及信息技术在社会生产和生活中的广泛应用。 | |
| 606 | 0 | @a信息技术@x干部教育@j学习参考资料 |
| 606 | 0 | @2CT@3S083582@a信息技术 |
| 690 | @aG203@v4 | |
| 701 | 0 | @a黄顺基@9huang shun ji@4主编 |
| 801 | 0 | @aCN@bNLC@c20061101 |
| 905 | @a10447@dG203@e180 | |
| 现代信息技术知识基础:干部读本/黄顺基主编.-北京:北京邮电大学出版社,2001 |
| 446页;20cm |
| 国家教委人文社会科学研究“九五”博士点重点研究项目《新产业革命与中国改革》课题成果 |
| ISBN 7-5635-0452-4:CNY28.00 |
| 本书阐述了信息化的社会特征和时代背景,精要分析了信息经济和信息产业的形态与结构,详尽介绍了信息技术体系中各项技术的发展和趋势,以及信息技术在社会生产和生活中的广泛应用。 |
| ● |
| 相关链接 |
|
|
|
|
正题名:现代信息技术知识基础
索取号:G203/180
 
预约/预借
| 序号 | 登录号 | 条形码 | 馆藏地/架位号 | 状态 | 备注 |
| 1 | 0386771 | 203867716 | 第一样本阅览室/ [索取号:G203/180] | 在馆 | |
| 2 | 0386772 | 203867725 | 第四借阅区/ [索取号:G203/180] | 在馆 | |
| 3 | 0386773 | 203867734 | 第四借阅区/ [索取号:G203/180] | 在馆 | |
| 4 | 0386774 | 203867743 | 第四借阅区/ [索取号:G203/180] | 在馆 | |
| 5 | 0386775 | 203867752 | 第四借阅区/ [索取号:G203/180] | 在馆 |